| 000 | 00736nam a2200289Ia 4500 | ||
|---|---|---|---|
| 001 | Z_1549 | ||
| 003 | CHAP | ||
| 008 | 220113s1986 xx 000 0 und d | ||
| 010 | _a164637 | ||
| 040 | _cCHAP | ||
| 082 | _a378.242 B34i | ||
| 100 |
_aBaena Paz, Guillermina _99380 |
||
| 245 |
_aInstrumentos de investigación / _cpor Guillermina Baena Paz |
||
| 260 |
_aMéxico : _bEditores Mexicanos Unidos, _c1986 |
||
| 300 | _a134 p | ||
| 440 |
_aColección textos y diccionarios _925006 |
||
| 500 | _a | ||
| 503 | _aC/E | ||
| 650 |
_aTesis _9112464 |
||
| 650 |
_aTrabajos científicos _xElaboración I. t. _9138689 |
||
| 901 | _a378.242 B34i | ||
| 902 | _aA | ||
| 910 | _a1986 | ||
| 942 | _c1 | ||
| 942 | _cc1 | ||
| 999 |
_c164637 _d164637 |
||